书目信息 |
| 书名: | Roles in interpretation | |
| 作者: | Judy E.Yordon. | |
| 分册号: | ||
| 分册名: | 出版地: | Madison : |
|
| 出版社: | Brown & Benchmark Pub | |
| 出版时间: | 1982. | |
| 页数: | 475 p. ; | |
| 开本: | 26cm. | |
| 丛书名: | ||
| 中图分类号: | ||
| 科图分类号: | ||
| 其他分类号: | H315.9 | |
| 主题词: | ||
| 电子资源: | ||
| 000 | 00413nam 2200157 a 4500 | |
| 001 | E0139959643 | |
| 005 | 2001121911195030 | |
| 008 | 011219s1982 00010 eng | |
| 020 | @a0-697-12939-X. | |
| 040 | @aPFT@beng | |
| 090 | @aH315.9 | |
| 099 | @dH315.9@eY061 | |
| 245 | @aRoles in interpretation / @cJudy E.Yordon. | |
| 250 | @a3rd ed. | |
| 260 | @aMadison :@bBrown & Benchmark Pub.,@c1982. | |
| 300 | @a475 p. ;@c26cm. | |
| Roles in interpretation / / Judy E.Yordon.-3rd ed.-Madison : : Brown & Benchmark Pub., , 1982. |
| 475 p. ; ; 26cm. |
| ISBN 0-697-12939-X. |
| ● |
| 相关链接 |
|
|
|
正题名:Roles in interpretation
索取号:H315.9/Y061
 
预约/预借
| 序号 | 登录号 | 条形码 | 馆藏地/架位号 | 状态 | 备注 |
| 1 | 02049 | 300020493 | 语言库209/209语言库 39排7列3层/ [索取号:H315.9/Y061] | 在馆 | |
| 2 | 02050 | 300020509 | 语言库209/209语言库 39排7列3层/ [索取号:H315.9/Y061] | 在馆 | |
| 3 | 0886 | 300008863 | 语言库209/209语言库 39排7列3层/ [索取号:H315.9/Y061] | 在馆 |